000
00307nam a2200097Ia 4500
082
_a
968.81|WALL
245
0
_a
A history of Namibia : from the beginning to 1990
100
_a
Wallace, Marion Auckland Park, South Africa, 2011
_9
63845
942
_c
BK
008
210817s9999 xx 000 0 und d
999
_c
202773
_d
202772